Managerial Economics (Record no. 1097)

MARC details
000 -LEADER
fixed length control field 00419nam a22001697a 4500
005 - DATE AND TIME OF LATEST TRANSACTION
control field 20180323120218.0
008 - FIXED-LENGTH DATA ELEMENTS--GENERAL INFORMATION
fixed length control field 160519b xxu||||| |||| 00| 0 eng d
020 ## - INTERNATIONAL STANDARD BOOK NUMBER
ISBN 978-81-203-0116-0
041 ## - LANGUAGE CODE
Language code of text/sound track or separate title eng
082 ## - DEWEY DECIMAL CLASSIFICATION NUMBER
Item number 3211
Classification number 338.5024658
100 ## - MAIN ENTRY--AUTHOR NAME
Personal name Dean/Joel
245 ## - TITLE STATEMENT
Title Managerial Economics
260 ## - PUBLICATION, DISTRIBUTION, ETC. (IMPRINT)
Place of publication New Delhi
Name of publisher PHI learning Pvt. Ltd.
Year of publication 2009
300 ## - PHYSICAL DESCRIPTION
Number of Pages 612
650 ## - SUBJECT ADDED ENTRY--TOPICAL TERM
Topical Term Management
942 ## - ADDED ENTRY ELEMENTS (KOHA)
Koha item type Books
Holdings
Lost status Damaged status Collection code Home library Current library Shelving location Date acquired Cost, normal purchase price Full call number Accession Number Koha item type
    MANAGEMENT JRU Library JRU Library SHELF-60-A 19/05/2016 275.00 338.502 465 8 3211 Books
    MANAGEMENT JRU Library JRU Library SHELF-60-A 19/05/2016 275.00 338.502 465 8 3212 Books
    MANAGEMENT JRU Library JRU Library SHELF-60-A 19/05/2016 275.00 338.502 465 8 3213 Books
    Reference JRU Library   SHELF-28-C 19/05/2016 275.00 338.502 465 8 3214 Books
    MANAGEMENT JRU Library JRU Library SHELF-60-A 19/05/2016 275.00 338.502 465 8 3215 Books
    MANAGEMENT JRU Library JRU Library SHELF-60-A 19/05/2016 275.00 338.502 465 8 3216 Books
    MANAGEMENT JRU Library JRU Library SHELF-60-A 19/05/2016 275.00 338.502 465 8 3217 Books
    MANAGEMENT JRU Library JRU Library SHELF-60-A 19/05/2016 275.00 338.502 465 8 3218 Books
    MANAGEMENT JRU Library JRU Library SHELF-60-A 19/05/2016 275.00 338.502 465 8 3219 Books
    MANAGEMENT JRU Library JRU Library SHELF-60-A 19/05/2016 275.00 338.502 465 8 3220 Books